000 00624nam a2200205Ia 4500
008 191130s1972##################000#0#eng##
020 _a9780521290630
022 _a70184904
040 _aACL
_cACL
082 _a496.3 BRO
100 _aBrown, Gillian
245 _aPhonological rules and dialect variation; a study of the phonology of Lumasaaba
_cGillian Brown
260 _aCambridge
_bUniversity Press
_c1972
300 _axiii, 191 p. map. 24 cm
500 _aBibliography: p. 184-187
650 _aGisu language - Phonology
990 _a937a5ccaac10000c233e13831d952657
991 _a416725
999 _c35698
_d35698